000 00513nam a22001697a 4500
999 _c60988
_d60988
005 20201124135243.0
008 201124b ||||| |||| 00| 0 eng d
020 _a978-3-933416-83-4
040 _cSTAFF
_dSTAFF
100 _96
_aKiefer-Hofmann, Angela
245 _aVielleicht morgen
_bGeschichten vom Überleben 1945
_cAngela Kiefer-Hofmann
250 _a2. Auflage
_b2012
260 _aJacobsdorf
_bVerlag Die Furt
_c2012
300 _a327 Seiten
_bIll.
942 _2z
_cBK